00325nam a2200145Ia 4500008004100000020001800041041000800059082001500067100001500082245001900097260002400116300000800140365001600148700001500164230718s9999 xx 000 0 und d a9781908435590 aeng a813.6bDAS aDashner J. aThe Kill Order c2013bChicken House a333 cRs.b337.50 aDashner J.